Hogwarts Typing Challenge II Quiz Stats

Quiz Updated May 2, 2012

Challenge
Share
Tweet
Embed
Score 0/46 Timer 01:00
12 Plays Today
Type This Typed Word % Correct
????
100%
????
99.4%
????
99%
????
98.7%
????
98.4%
????
98.1%
????
97.9%
????
97.7%
????
97.5%
????
97.2%
????
96.8%
????
96.6%
????
96.2%
????
95.9%
????
95.5%
????
95.1%
????
94.7%
????
94%
????
93.2%
????
92.2%
????
91.3%
????
90.2%
????
89.1%
Type This Typed Word % Correct
????
87.8%
????
86%
????
84.3%
????
82.2%
????
78.6%
????
75.5%
????
72.1%
????
67%
????
62.4%
????
57.5%
????
52.7%
????
47.3%
????
42.3%
????
35.7%
????
29.9%
????
25.9%
????
20.7%
????
16.9%
????
12.5%
????
8.9%
????
6.1%
????
3.9%
????
2.3%

You're not logged in!

Compare scores with friends on all Sporcle quizzes.
Sign Up with Email
OR
Log In

You Might Also Like...

Show Comments

Extras

Top Quizzes Today


Score Distribution

Your Account Isn't Verified!

In order to create a playlist on Sporcle, you need to verify the email address you used during registration. Go to your Sporcle Settings to finish the process.